Statistics for Indiana Pacers 40 Point Games

Click here to take the quiz!

General Stats

  • This quiz has been taken 47 times
    (8 since last reset)
  • The average score is 7 of 16

Answer Stats

Player Max Nb % Correct
Reggie Miller579
100%
Paul George485
100%
Danny Granger444
80%
Rik Smits443
80%
Jermaine O'Neal551
80%
Victor Oladipo471
80%
Chuck Person476
60%
Billy Knight528
40%
Jalen Rose432
40%
T.J. Warren531
40%
Al Harrington401
20%
Butch Carter423
0%
John Long442
0%
John Williamson432
0%
Mickey Johnson411
0%
Herb Williams401
0%

Score Distribution

Percentile by Number Answered

Percent of People with Each Score

Your Score History

You have not taken this quiz since the last reset